Sbírka úloh z fyziky pro gymnázia : učebnice pro 3. a 4. ročník gymnázií. Díl 2 /

Další autoři: Koubek, Václav, 1948-2016
Jazyk: Čeština
Vydáno: Praha : SPN, 1991
Vydání: 2. vyd.
Edice: Učebnice pro střední školy (Státní pedagogické nakladatelství)
Témata:
Externí odkaz: Digitalizovaný dokument
Fyzický popis: 220 s. il., grafy, schémata ; 21 cm
Knihy
Uloženo v:
LEADER 01342nam a22003132a 4500
001 000046593
003 CZ BrMZK
005 20250318092744.0
008 951201s1991 xr a f cze d
015 |a cnb000061127 
020 |a 80-04-25533-7 
035 |a (OCoLC)85671467 
040 |a BOA001  |b cze 
080 |a 372.853(075.3):373.54 
080 9 |a 53(76) 
245 0 0 |a Sbírka úloh z fyziky pro gymnázia :  |b učebnice pro 3. a 4. ročník gymnázií.  |n Díl 2 /  |c Zprac. Václav Koubek, ... [et al.] 
250 |a 2. vyd. 
260 |a Praha :  |b SPN,  |c 1991 
300 |a 220 s.  |b il., grafy, schémata ;  |c 21 cm 
490 1 |a Učebnice pro střední školy 
500 |a Dostupné též v digitální podobě v aplikaci Kramerius 
700 1 |a Koubek, Václav,  |d 1948-2016  |7 jn99240000505  |4 aut 
830 0 |a Učebnice pro střední školy (Státní pedagogické nakladatelství)  |0 s 
856 4 1 |u https://www.digitalniknihovna.cz/mzk/uuid/uuid:9210ff40-0887-11f0-9c7e-5ef3fc9bb22f  |y Digitalizovaný dokument  |x NDK 
910 |a BOA001  |b PK-0114.550,2  |b TK-0248.184,2 
964 |a Fyzika - příklady - gymnázia 
990 |a BK 
996 7 |b 2629949630  |c TK-0248.184,2  |l MZK  |r Sklad / do 24 hodin  |n 1  |w 000046593  |u 000020  |a 1  |e BOA001  |j MZK50  |s A 
996 7 |b 3119983005  |c PK-0114.550,2  |l MZK  |r Sklad / do 1 hodiny  |n 23  |w 000046593  |u 000010  |a 1  |e BOA001  |j MZK50  |s A